| 000 | 00788 a2200229 4500 | ||
|---|---|---|---|
| 003 | UA-OsUOA | ||
| 005 | 20260506154025.0 | ||
| 008 | 260506b un ||||| |||| 00| 0 ukr d | ||
| 020 | _a671478125 | ||
| 040 |
_aUA-OsUOA _beng _cUA-OsUOA _dUA-OsUOA |
||
| 041 | _aeng | ||
| 080 | _a82-1 | ||
| 090 |
_a82-1 _bS72 |
||
| 245 |
_aSophocles I _cedited by David Grene and Richmond Lattimore ; with an inroduction by David Grene _pOedipus the King ; Oedipus at Colonus ; Antigone |
||
| 260 |
_bWashington Square Press _c1970 _aNew York |
||
| 300 | _a212 p. | ||
| 490 | _aThe Complete Greek Tragedies | ||
| 650 |
_2UDC _a82-1 Поезія. Поеми. Вірші _916367 |
||
| 942 |
_cBK _2udc |
||
| 955 | _a3 | ||
| 999 |
_c580657 _d580657 |
||